00515nam a2200181Ia 4500003000900000008004100009020001800050040001600068080001300084100001900097245005100116260005100167300001600218650002900234650004100263650001100304700001800315IN-BaIIA211028s9999 xx 000 0 eng d a0-309-02144-8 cIIA Library a535bTHO aThompson, B. J 0aSpace opticscB. J. Thompson and R. R. Shannon aWashingtonbNational Academy of Sciencesc1974 aviii, 841p. aAstronomical Instruments aAstronomy and Astrophysics Thesaurus aOptics aShannon, R. R